| 000 | 01015nam a2200289 4500 | ||
|---|---|---|---|
| 001 | 0000019696 | ||
| 003 | CO-CtgCURN | ||
| 005 | 20250331184432.0 | ||
| 007 | ta | ||
| 008 | 160627s2007 000 0 eng d | ||
| 020 | _a9789584104175 | ||
| 040 |
_aCO-CtgCURN _bspa _ccoctgcurn |
||
| 082 | 0 |
_a344.01 _bG529 |
|
| 100 | 1 | _aGómez Escobar, Sehir. | |
| 245 | 1 | 0 |
_aLegislacion laboral : _bteoria y practica / _cSehir Gómez Escobar. |
| 250 | _a6a ed. | ||
| 260 |
_aBogotá : _bMcGraw-Hill, _c2007. |
||
| 300 | _a230 p. | ||
| 336 | _2rdacontent | ||
| 337 |
_2rdamedia _asin mediacion _bn |
||
| 338 |
_2rdacarrier _avolumen _bnc |
||
| 505 | 8 | _aOrigen y campo de aplicacion del Derecho Laboral.--El contrato de trabajo.--El salario.--Jornada de trabajo.--Prestaciones sociales.--Sistema de seguridad social integral.--Las indemnizaciones | |
| 650 | 1 | 4 | _aContratos de trabajo. |
| 908 | _a160627 | ||
| 942 |
_cBK _h344.01 _iG529 _2ddc |
||
| 999 |
_c19573 _d19573 |
||